00733nam a2200205Ia 4500003000900000008004100009020001800050040001600068080002300084100002900107245012000136260003700256300001400293650004100307650002500348650001800373942000700391999001700398952011200415IN-BaIIA211028s9999 xx 000 0 eng d a0-7923-2793-4 cIIA Library a52(082.2)bASS-189 aStenflo, Jan Olof919303 0aSolar magnetic fieldsbpolarised radiation diagnosticscJan Olof Stenflo  aDordrechtbKluwer Academicc1994 axv, 385p. aAstronomy and astrophysics thesaurus aMagnetic fields9530 aSolar physics cBK c11259d11259 00104070aBANbBANcGENd1995-03-13l2o52(082.2)/ ASS-189p12174r2024-09-20s2024-09-13w1995-03-13yBK